| 000 | 00887nam a2200205Ii 4500 | ||
|---|---|---|---|
| 003 | JO-AjNU | ||
| 008 | 230605s9999||||xx |||||||||||||| ||und|| | ||
| 017 | _a2009/3/824 | ||
| 040 |
_aJO-AjNU _bara _erda _cJO-AjNU |
||
| 041 | _aara | ||
| 050 | 1 | 4 | _aLB2956 2009 |
| 100 | 3 |
_aمؤسسة الأرض والإنسان لدعم التنمية بدعم من الصندوق الكندي , _eauthor _922660 |
|
| 245 | 0 | 0 | _aمشروع مؤسسة البرلمان المدرسي في وزارة التربية والتعليم (دراسة وصفية) |
| 264 | 3 | 1 | _aعمان:مؤسسة الأرض والإنسان لدعم التنمية بدعم من الصندوق الكندي،2008 |
| 300 | _a214ص | ||
| 336 |
_atext _btxt _2rdacontent |
||
| 337 |
_aunmediated _bn _2rdamedia |
||
| 338 |
_avolume _bnc _2rdacarrier |
||
| 650 | 4 |
_aالطلاب-التربية-التعليم-الأردن _922661 |
|
| 999 |
_aA8079 _c11647 _d11647 |
||